Books by Reading Level Quiz Stats

 Plays Quiz Updated Apr 17, 2015

Challenge
Share
Tweet
Embed
Score 0/15 Timer 04:00
0 Plays Today
Book A More Difficult to Read [Score] % Correct
Great Expectations???
81.9%
The Da Vinci Code???
76.8%
Jane Eyre???
69.8%
The Hound of the Baskervilles???
66.4%
Little Women???
64.9%
The Time Machine???
62.9%
Treasure Island???
60.6%
War & Peace???
56%
Book A More Difficult to Read [Score] % Correct
Dracula???
50%
Nineteen Eighty-Four???
47.9%
The Lion, The Witch and The Wardrobe???
45.4%
Harry Potter and the Half Blood Prince???
36.2%
To Kill a Mockingbird???
33.6%
The Wind in the Willows???
33.3%
20,000 Leagues Under the Sea???
26.2%

You're not logged in!

Compare scores with friends on all Sporcle quizzes.
Join for Free
OR
Log In

You Might Also Like...

Show Comments

Extras

Top Quizzes Today


Score Distribution

Your Account Isn't Verified!

In order to create a playlist on Sporcle, you need to verify the email address you used during registration. Go to your Sporcle Settings to finish the process.

Report this User

Report this user for behavior that violates our Community Guidelines.

Details: